| 000 | 02755nam2a22003731 4500 | ||
|---|---|---|---|
| 001 | rc\522352 | ||
| 005 | 20260503060140.0 | ||
| 010 |
_9400000 (1-й з-д 1-200 тыс.) _d1 р. 60 к. |
||
| 021 |
_aRU _b87-88235 |
||
| 035 | _a(NLR Aleph) 005811625 | ||
| 090 |
_a5391961 _c5391961 |
||
| 100 | _a20030616d1987 m y0rusy50 ca | ||
| 101 | 0 | _arus | |
| 102 | _aRU | ||
| 105 | _aa z||||||a| | ||
| 200 | 0 |
_a[Т.] 5 _f[послесловия Б. Воробьева, Вс. Лессига _gрисунки М. Ермолова, Б. Барабанова] |
|
| 210 | _d1987 | ||
| 215 |
_a399, [1] с. _cил. _d20 |
||
| 327 | 1 | _aСодерж.: Капитан дальнего плавания : о А.И. Маринеско / А. Крон. Лекарство против страха / А. Вайнер, Г. Вайнер | |
| 461 | 0 |
_1001rc\522347 _12001#$aПодвиг$e[Сборник]$v[Т.] 5 _95391915 _cМосква _d1987 _nМолодая гвардия _o[сборник] _tПодвиг _v[Т.] 5 |
|
| 464 | 0 |
_12001#$aКапитан дальнего плавания$eо А.И. Маринеско$fА. Крон _1700#1$aКрон$bА. А.$cписатель, драматург$f1909-1983$gАлександр Александрович$3RU\NLR\AUTH\7784030 _1702#1$aМаринеско$bА. И.$f1913-1963$gАлександр Иванович$3RU\NLR\AUTH\770290527$4570 _tКапитан дальнего плавания _aКрон, Александр Александрович (писатель, драматург ; 1909-1983) |
|
| 464 | 0 |
_12001#$aЛекарство против страха _1700#1$aВайнер$bА. А.$f1931-2005$gАркадий Александрович$3RU\NLR\AUTH\7724984 _1701#1$aВайнер$bГ. А.$f1938-2009$gГеоргий Александрович$3RU\NLR\AUTH\7724987 _tЛекарство против страха _aВайнер, Аркадий Александрович (1931-2005) |
|
| 600 | 1 |
_aМаринеско _bА.И. _f1913 - 1963 _gАлександр Иванович _xв художественной литературе _91520478 _3RU\NLR\AUTH\66661024 |
|
| 686 | 1 | _aШ6(2=)75-446 | |
| 702 | 1 |
_4080 _aВоробьев _bБ. Т. _cписатель _f1932- _gБорис Тимофеевич _9132495 _3RU\NLR\AUTH\770132529 |
|
| 702 | 1 |
_aЛессиг _bВ. М. _f1933-1985 _gВсеволод Михайлович _4080 |
|
| 702 | 1 |
_4440 _7ca _8rus _aЕрмолов _bМ. _cхудожник _f1955- _gМихаил _984750 _3RU\NLR\AUTH\77101824 |
|
| 702 | 1 |
_7ca _8rus _aБарабанов _bБ. Н. _cиллюстратор _f1957- _gБорис Николаевич _984846 _3RU\NLR\AUTH\77101920 |
|
| 801 | 0 |
_aRU _bNLR _gpsbo |
|
| 801 | 1 |
_aRU _bELAR _2rusmarc |
|
| 852 |
_aNLR _j87-3/2983 |
||
| 942 | _cUNSPEC | ||
| 980 | _aNB | ||